Zvyšovanie flexibility dodávateľsko-odberateľských reťazcov aplikáciou vybraných metód manažmentu rizika
Na minha lista:
| Autor principal: | |
|---|---|
| Autor Corporativo: | |
| Formato: | Livro |
| Idioma: | eslovaco |
| Publicado em: |
Banská Bystrica
Belianum
2022
|
| Edição: | 1. vydanie |
| Assuntos: | |
| Tags: |
Sem tags, seja o primeiro a adicionar uma tag!
|
MARC
| LEADER | 00000nam a2200000 4500 | ||
|---|---|---|---|
| 001 | 0287186 | ||
| 005 | 20240416114153.7 | ||
| 020 | |a 978-80-557-1959-7 | ||
| 041 | 0 | |a slo | |
| 044 | |a SK | ||
| 245 | 1 | 0 | |a Zvyšovanie flexibility dodávateľsko-odberateľských reťazcov aplikáciou vybraných metód manažmentu rizika |c Lenka Veselovská |
| 250 | |a 1. vydanie | ||
| 264 | 1 | |a Banská Bystrica |b Belianum |c 2022 | |
| 300 | |a 139 s. | ||
| 610 | 2 | 0 | |a reťazce dodávateľsko-odberateľské |
| 610 | 2 | 0 | |a riziko |
| 610 | 2 | 0 | |a riadenie rizík |
| 610 | 2 | 0 | |a pandémia |
| 610 | 2 | 0 | |a algoritmy |
| 610 | 2 | 0 | |a analýza citlivosti |
| 100 | 1 | |a Veselovská, Lenka | |
| 710 | 2 | |a Univerzita Mateja Bela v Banskej Bystrici. Ekonomická fakulta | |